000 00738cab a2200241 4500
001 WB3222-01
008 090401t1996 xxu||||| |||| 00| 0 eng d
035 _a(Sirsi) u20600
041 _aeng
245 _aAuctioneer refuses freehold sales
260 _c1996
350 _a0
490 _aEvening Standard
_v3 June 1996, 63(1)
520 _aFollowing a campaign by the Evening Standard, Conrad Ritblat will no longer sell `ground rent` freeholds at auction which are in breach of the law.
650 _aCONRAD RITBLAT
650 _aEVENING STANDARD
650 _aGROUND RENT FREEHOLDS
650 _aHOUSING BILL
650 _aRIGHT OF FIRST REFUSAL
690 _aAuctioneering
_96218
942 _n0
948 _c04/03/1997
999 _c13799
_d13799